000 00208 a2200097 4500
001 10812
100 _aShibli Numani
245 _aOmer the Great Vol-II
260 _a
_bSh.M. Ashraf
_c
090 _c8398
_d8398
942 _aNUST-CAE
_cM
_c35153
999 _c245885
_d245885